000 00529nam a22001817a 4500
003 UA-OsUOA
001 10694
007 ta
008 20050130b un ||||| |||| 00| 0 ukr d
100 _aКіт Д.
942 _cSA
040 _aUA-OsUOA
_cUA-OsUOA
_dUA-OsUOA
245 _aПатріарх українського гумору:Шкіц до портрета Павла Глазового
300 _aС.55-56
955 _a0
773 0 _w0
_tДивослово
_dКиїв
_d2005
_g№1
650 7 _aГлазовий П.
_2UDC
999 _c296855
_d296855